All 100k+ Cities by City Proper - North America - Statistics

General Stats
  • This quiz has been taken 257 times
  • The average score is 188 of 623
Answers on the Map
Answers color-coded by a green-red scale on the quiz's map according to % correct below.
 
Answer Stats
Country Population Answer % Correct
Canada 3,110,984 Toronto
89%
Canada 732,581 Vancouver
89%
United States 196,442 Vancouver
89%
United States 455,924 Miami
88%
United States 8,258,035 New York
88%
United States 2,664,452 Chicago
86%
United States 1,302,868 Dallas
86%
Canada 1,128,811 Edmonton
86%
United States 2,314,157 Houston
86%
United States 3,820,914 Los Angeles
86%
Canada 1,874,560 Montreal
86%
United States 755,078 Seattle
86%
Dominican Republic 159,742 San Francisco
85%
United States 808,988 San Francisco
85%
Canada 1,481,466 Calgary
84%
United States 716,577 Denver
84%
Cuba 2,137,847 Havana
84%
United States 143,709 Jackson
83%
United States 1,388,320 San Diego
83%
United States 653,833 Boston
82%
United States 633,218 Detroit
82%
United States 985,843 Jacksonville
82%
United States 1,550,542 Philadelphia
82%
United States 1,650,070 Phoenix
82%
Costa Rica 1,453,500 San Jose
82%
United States 969,655 San Jose
82%
Mexico 8,843,706 Mexico City
81%
Bahamas 296,732 Nassau
81%
United States 364,136 New Orleans
81%
United States 630,498 Portland
81%
United States 913,175 Columbus
80%
United States 201,877 Columbus
80%
United States 660,929 Las Vegas
80%
United States 403,364 Tampa
80%
United States 979,882 Austin
79%
United States 879,293 Indianapolis
79%
United States 687,788 Nashville
79%
Canada 1,114,316 Ottawa
79%
United States 209,593 Salt Lake City
79%
United States 1,495,295 San Antonio
79%
United States 678,972 Washington
79%
United States 510,704 Kansas City
78%
United States 152,933 Kansas City
78%
United States 320,742 Orlando
78%
Panama 1,132,969 Panama City
78%
United States 526,384 Sacramento
78%
United States 510,823 Atlanta
77%
United States 274,678 Buffalo
77%
United States 911,311 Charlotte
77%
United States 678,958 El Paso
77%
United States 618,639 Memphis
77%
United States 425,115 Minneapolis
77%
United States 702,767 Oklahoma City
77%
United States 303,255 Pittsburgh
77%
United States 281,754 St. Louis
77%
United States 561,385 Milwaukee
76%
United States 565,239 Baltimore
75%
United States 341,778 Honolulu
75%
Canada 145,104 Kingston
75%
Jamaica 584,627 Kingston
75%
United States 362,656 Cleveland
74%
Dominican Republic 1,029,110 Santo Domingo
74%
United States 303,820 St. Paul
74%
United States 547,239 Tucson
74%
United States 311,097 Cincinnati
73%
United States 978,468 Fort Worth
73%
Haiti 875,978 Port-Au-Prince
73%
Canada 578,593 Quebec
73%
Canada 815,599 Winnipeg
73%
United States 560,274 Albuquerque
72%
United States 622,981 Louisville
72%
United States 482,295 Raleigh
72%
Canada 235,093 Richmond
72%
United States 229,247 Richmond
72%
United States 114,106 Richmond
72%
United States 252,975 Winston-Salem
72%
United States 219,573 Baton Rouge
71%
United States 235,421 Boise
71%
Guatemala 923,392 Guatemala City
71%
Mexico 1,810,645 Tijuana
71%
United States 286,075 Anchorage
70%
United States 177,432 Salem
70%
United States 202,221 Tallahassee
70%
United States 488,664 Colorado Springs
68%
United States 274,915 Reno
68%
United States 483,335 Omaha
67%
United States 170,188 Springfield
67%
United States 153,672 Springfield
67%
United States 112,544 Springfield
67%
Mexico 888,797 Cancún
66%
Mexico 1,385,621 Guadalajara
66%
Mexico 1,142,952 Monterrey
66%
United States 322,854 San Juan
66%
Mexico 177,719 San Juan Del Rio
66%
United States 101,228 Albany
65%
United States 155,369 Charleston
65%
United States 142,416 Columbia
65%
United States 129,330 Columbia
65%
United States 210,381 Des Moines
65%
Canada 491,921 Halifax
65%
United States 294,757 Lincoln
65%
United States 203,842 Little Rock
65%
United States 196,644 Birmingham
64%
United States 545,716 Fresno
64%
United States 280,305 Madison
64%
United States 436,504 Oakland
64%
El Salvador 334,416 San Salvador
64%
United States 411,894 Tulsa
64%
United States 453,649 Virginia Beach
64%
United States 190,792 Providence
63%
United States 304,960 Newark
62%
United States 207,274 Rochester
61%
United States 122,413 Rochester
61%
United States 265,304 Toledo
61%
United States 147,748 Savannah
60%
United States 396,119 Wichita
60%
United States 119,669 Hartford
59%
Canada 121,472 St John's
59%
United States 263,553 St. Petersburg
59%
Canada 100,505 Victoria
59%
Mexico 332,100 Victoria
59%
Nicaragua 1,055,111 Managua
58%
United States 182,595 Mobile
58%
United States 398,431 Arlington
57%
United States 316,595 Corpus Christi
57%
United States 291,657 Jersey City
57%
United States 112,115 Lansing
57%
United States 449,468 Long Beach
57%
Canada 245,640 Regina
57%
United States 145,560 Syracuse
57%
Honduras 1,132,000 Tegucigalpa
57%
United States 340,512 Anaheim
56%
United States 196,608 Grand Rapids
56%
United States 195,287 Montgomery
56%
Canada 295,204 Saskatoon
56%
United States 229,447 Spokane
56%
United States 413,381 Bakersfield
55%
United States 198,162 Knoxville
55%
Canada 474,643 London
55%
United States 511,648 Mesa
55%
United States 188,701 Akron
54%
United States 105,744 Green Bay
54%
Mexico 1,501,551 Juárez
54%
United States 320,154 Lexington
54%
United States 125,473 Topeka
54%
United States 133,188 Fargo
53%
Canada 615,244 Hamilton
53%
United States 135,512 Dayton
52%
United States 184,255 Fort Lauderdale
52%
United States 269,994 Fort Wayne
52%
United States 302,296 Greensboro
52%
United States 206,410 Sioux Falls
52%
United States 202,408 Amarillo
51%
United States 395,052 Aurora
51%
United States 177,563 Aurora
51%
United States 296,186 Durham
51%
United States 135,319 New Haven
51%
United States 200,884 Augusta
50%
United States 120,864 Billings
50%
United States 177,899 Eugene
50%
United States 230,930 Norfolk
50%
United States 223,728 San Bernardino
50%
United States 105,898 Boulder
49%
El Salvador 201,900 Santa Ana
49%
United States 310,539 Santa Ana
49%
United States 119,381 Ann Arbor
48%
United States 284,771 North Las Vegas
48%
United States 222,906 Tacoma
48%
Canada 105,552 Niagara Falls
47%
United States 113,343 Provo
47%
United States 318,858 Riverside
47%
United States 337,305 Henderson
46%
United States 319,543 Stockton
46%
United States 144,816 Waco
46%
United States 190,158 Brownsville
45%
Canada 156,318 Cambridge
45%
United States 118,214 Cambridge
45%
United States 187,030 Chattanooga
45%
United States 266,878 Lubbock
45%
United States 115,474 Manchester
45%
Mexico 925,762 Chihuahua
44%
United States 225,564 Huntsville
44%
United States 121,467 Lafayette
44%
United States 257,602 Laredo
44%
United States 146,593 McAllen
44%
Mexico 854,186 Mexicali
44%
Canada 115,711 Thunder Bay
44%
United States 148,028 Bridgeport
43%
Mexico 1,542,232 Puebla
43%
United States 177,959 Shreveport
43%
United States 111,620 Allen
42%
United States 253,886 Chesapeake
41%
United States 146,716 Pasadena
41%
United States 133,560 Pasadena
41%
United States 104,578 St. George
41%
United States 207,621 Worcester
41%
United States 207,657 Yonkers
40%
United States 124,880 Allentown
39%
United States 128,628 Athens
39%
United States 209,749 Fayetteville
39%
United States 101,680 Fayetteville
39%
United States 253,855 Glendale
39%
United States 187,050 Glendale
39%
United States 153,859 Hollywood
39%
United States 314,621 Irvine
39%
United States 183,118 Newport News
39%
Cuba 217,907 Santa Clara
39%
United States 131,062 Santa Clara
39%
United States 244,394 Scottsdale
39%
United States 122,698 Wilmington
39%
United States 155,230 Alexandria
38%
United States 104,557 Bend
37%
United States 135,958 Cedar Rapids
37%
United States 109,987 Santa Maria
37%
Cuba 431,411 Santiago
37%
Dominican Republic 561,005 Santiago
37%
Mexico 658,609 Acapulco
36%
United States 254,373 Irving
36%
Mexico 1,579,803 León
36%
Nicaragua 177,270 Leon
36%
Mexico 921,771 Merida
36%
Canada 756,453 Mississauga
36%
United States 111,077 Pueblo
36%
Mexico 136,285 San Jose Del Cabo
36%
United States 103,395 South Bend
36%
Canada 255,508 Windsor
36%
Mexico 202,694 Cabo San Lucas
35%
United States 224,455 Cape Coral
35%
United States 274,333 Chula Vista
35%
United States 122,315 Concord
35%
United States 110,119 Concord
35%
United States 218,915 Modesto
35%
Mexico 258,913 Oaxaca
35%
United States 198,750 Peoria
35%
United States 110,460 Peoria
35%
United States 290,190 Plano
35%
United States 224,028 Santa Clarita
35%
United States 189,834 Tempe
35%
United States 280,167 Chandler
34%
United States 170,376 Fort Collins
34%
Mexico 537,963 Veracruz
34%
United States 145,812 Gainesville
33%
United States 275,411 Gilbert
32%
United States 192,129 Huntington Beach
32%
United States 114,892 Las Cruces
32%
United States 138,397 Midland
32%
United States 115,743 Odessa
32%
United States 197,089 Overland Park
32%
United States 198,488 Oxnard
32%
United States 146,120 Rockford
32%
Mexico 176,685 San Luis Rio Colorado
32%
United States 118,962 Berkeley
31%
United States 156,512 Macon
31%
United States 138,337 Orange
31%
United States 245,021 Port St. Lucie
31%
United States 136,226 Stamford
31%
Dominican Republic 217,523 San Pedro
30%
Mexico 132,128 San Pedro Garza Garcia
30%
United States 135,829 Elizabeth
29%
United States 221,300 Hialeah
29%
United States 150,489 Joliet
29%
United States 111,338 Tuscaloosa
29%
United States 124,130 West Palm Beach
29%
United States 100,858 Yuma
29%
United States 226,208 Fremont
28%
Canada 300,892 Kitchener
28%
United States 150,245 Naperville
28%
United States 182,457 Ontario
28%
United States 151,574 Bellevue
27%
United States 100,354 Davenport
27%
United States 115,332 Evansville
27%
United States 122,264 Lakeland
27%
United States 175,845 Santa Rosa
27%
United States 129,043 Abilene
26%
United States 102,755 Burbank
26%
United States 180,716 Clarksville
26%
United States 116,850 Clearwater
26%
United States 225,007 Frisco
26%
United States 243,470 Garland
26%
United States 166,236 Lancaster
26%
United States 165,430 Murfreesboro
26%
United States 156,452 Paterson
26%
Canada 145,226 Trois Rivieres
26%
United States 102,691 Wichita Falls
26%
United States 114,296 Lowell
25%
Canada 653,039 Surrey
25%
United States 110,327 Tyler
25%
Canada 298,740 Gatineau
24%
Cuba 213,375 Guantanamo
24%
United States 170,020 Oceanside
24%
Canada 744,041 Brampton
23%
United States 119,194 Broken Arrow
23%
United States 125,192 College Station
23%
United States 158,349 Denton
23%
United States 137,098 Hampton
23%
Mexico 855,563 Hermosillo
23%
United States 120,922 Independence
23%
United States 133,378 Kent
23%
Canada 451,986 Laval
23%
Jamaica 110,115 Montego Bay
23%
United States 130,046 Norman
23%
United States 180,010 Cary
22%
Canada 161,166 Kelowna
22%
United States 213,509 McKinney
22%
Honduras 701,200 San Pedro Sula
22%
Canada 179,831 Sudbury
22%
Mexico 223,876 Toluca
22%
United States 112,193 Beaumont
21%
Mexico 616,068 Durango
21%
United States 111,180 Everett
21%
Canada 106,974 Kamloops
21%
United States 100,695 New Bedford
21%
United States 159,506 Salinas
21%
United States 101,327 San Mateo
21%
United States 134,470 West Valley City
21%
Mexico 863,893 Aguascalientes
20%
Canada 195,764 Burlington
20%
United States 105,811 Dearborn
20%
United States 159,643 Killeen
20%
United States 161,404 Palmdale
20%
Canada 109,234 Red Deer
20%
Canada 180,936 Sherbrooke
20%
United States 108,515 Sugar Land
20%
United States 123,463 Thousand Oaks
20%
United States 114,908 West Jordan
20%
United States 202,134 Grand Prairie
19%
United States 212,392 Moreno Valley
19%
United States 114,268 Nampa
19%
United States 121,469 North Charleston
19%
United States 130,406 Round Rock
19%
United States 108,235 Spokane Valley
19%
United States 100,659 Suffolk
19%
United States 102,296 Carmel
18%
United States 101,301 Chico
18%
United States 112,609 Greeley
18%
United States 155,961 Lakewood
18%
Mexico 416,055 Nuevo Laredo
18%
United States 147,461 Olathe
18%
United States 101,597 Quincy
18%
United States 109,058 San Buenaventura
18%
United States 158,285 Surprise
18%
United States 136,655 Warren
18%
Canada 139,696 Waterloo
18%
Canada 104,801 Cape Breton
17%
El Salvador 114,300 Colon
17%
Panama 159,157 Colon
17%
United States 148,122 Escondido
17%
United States 155,675 Hayward
17%
United States 101,241 Lynn
17%
United States 110,717 Miami Gardens
17%
Canada 108,277 Nanaimo
17%
Mexico 224,166 Puerto Vallarta
17%
United States 174,405 Rancho Cucamonga
17%
Canada 149,727 Saguenay
17%
United States 110,323 Sparks
17%
United States 144,998 Visalia
17%
United States 113,495 Carlsbad
16%
United States 178,444 Elk Grove
16%
United States 139,250 Fullerton
16%
United States 102,865 Inglewood
16%
Mexico 510,739 Matamoros
16%
United States 134,801 Meridian
16%
United States 147,317 Mesquite
16%
Mexico 261,137 Nogales
16%
Canada 196,165 Oshawa
16%
United States 127,736 Pearland
16%
United States 139,224 Torrance
16%
United States 114,990 Waterbury
16%
Canada 166,842 Abbotsford
15%
Canada 164,487 Barrie
15%
Mexico 139,075 Cordoba
15%
United States 120,768 Fairfield
15%
Canada 156,773 Guelph
15%
United States 116,926 High Point
15%
Canada 107,225 Lethbridge
15%
United States 171,119 Pembroke Pines
15%
Dominican Republic 138,919 Punta Cana
15%
United States 110,660 Rio Rancho
15%
Mexico 845,941 San Luis Potosi
15%
United States 125,113 Simi Valley
15%
United States 151,967 Sunnyvale
15%
United States 122,807 Vallejo
15%
Canada 283,593 Burnaby
14%
United States 105,799 Edinburg
14%
United States 113,310 Elgin
14%
United States 215,465 Fontana
14%
United States 111,805 Goodyear
14%
United States 135,566 Palm Bay
14%
United States 145,502 Pomona
14%
Mexico 794,789 Queretaro
14%
United States 159,135 Roseville
14%
United States 110,682 Temecula
14%
Canada 344,930 Vaughan
14%
Netherlands 136,660 Willemstad
14%
United States 121,414 Arvada
13%
United States 132,918 Carrollton
13%
United States 106,883 Centennial
13%
United States 160,238 Corona
13%
United States 110,685 Gresham
13%
Mexico 250,141 La Paz
13%
United States 111,878 Murrieta
13%
Canada 161,596 North Vancouver
13%
United States 104,491 Renton
13%
United States 133,306 Sterling Heights
13%
United States 138,869 Victorville
13%
United States 114,875 Westminster
13%
United States 104,890 Brockton
12%
Mexico 249,623 Campeche
12%
United States 168,234 Garden Grove
12%
United States 116,320 League City
12%
Canada 262,604 Longueuil
12%
Canada 357,298 Markham
12%
Mexico 441,975 Mazatlan
12%
Mexico 161,820 Miramar
12%
United States 138,319 Miramar
12%
United States 110,958 New Braunfels
12%
United States 113,619 Pompano Beach
12%
United States 117,435 Richardson
12%
El Salvador 152,900 San Miguel
12%
Canada 149,550 St. Catharines
12%
Mexico 690,193 Torreon
12%
United States 102,526 Vacaville
12%
United States 117,096 Antioch
11%
Cuba 310,819 Camaguey
11%
United States 134,906 Coral Springs
11%
Mexico 1,643,623 Ecatepec
11%
United States 107,730 Hillsboro
11%
Mexico 691,557 Reynosa
11%
United States 105,793 Sandy Springs
11%
United States 144,922 Thornton
11%
Canada 116,587 Brantford
10%
United States 108,909 Buckeye
10%
Mexico 191,238 Ciudad Del Carmen
10%
United States 104,184 Lee's Summit
10%
United States 133,553 Lewisville
10%
Canada 148,110 Milton
10%
Mexico 864,431 Saltillo
10%
Mexico 297,343 Tampico
10%
Mexico 138,444 Zacatecas
10%
Canada 101,862 Chilliwack
9%
United States 125,826 Clovis
9%
Mexico 146,965 Colima
9%
Mexico 808,416 Culiacan
9%
Canada 120,049 Delta
9%
United States 102,991 El Cajon
9%
United States 104,094 Fishers
9%
Cuba 302,890 Holguin
9%
Canada 187,733 Langley
9%
Canada 156,114 Levis
9%
Mexico 743,275 Morelia
9%
Canada 231,886 Oakville
9%
United States 102,113 Palm Coast
9%
Mexico 304,942 Playa Del Carmen
9%
United States 107,951 Ponce
9%
Canada 212,252 Richmond Hill
9%
Dominican Republic 228,980 San Cristobal
9%
Mexico 183,509 San Cristobal
9%
Canada 135,968 Ajax
8%
Canada 166,584 Coquitlam
8%
United States 108,816 Downey
8%
Mexico 330,652 Ensenada
8%
Mexico 635,862 Guadalupe
8%
Mexico 170,029 Guadalupe
8%
United States 105,617 West Covina
8%
Haiti 155,505 Cap-Haitien
7%
Cuba 153,048 Cienfuegos
7%
United States 108,248 Conroe
7%
United States 108,354 Costa Mesa
7%
Mexico 341,029 Cuernavaca
7%
Panama 103,915 David
7%
Nicaragua 106,719 Granada
7%
United States 100,633 Hesperia
7%
United States 107,321 Jurupa Valley
7%
United States 113,433 Menifee
7%
Canada 109,116 Pickering
7%
United States 110,920 South Fulton
7%
Dominican Republic 102,012 Villa Hermosa
7%
Mexico 340,060 Villahermosa
7%
Canada 154,478 Whitby
7%
United States 107,799 Davie
6%
United States 103,794 El Monte
6%
Guatemala 159,840 Jalapa
6%
Canada 100,179 Saint-Jean-Sur-Richelieu
6%
Mexico 157,998 San Pablo
6%
Mexico 578,830 Tuxtla Gutierrez
6%
Mexico 443,063 Xalapa
6%
Cuba 159,014 Bayamo
5%
United States 138,304 Carolina
5%
Mexico 329,404 Ciudad Obregon
5%
Dominican Republic 146,677 Puerto Plata
5%
Guatemala 180,706 Quetzaltenango
5%
United States 103,391 Rialto
5%
Jamaica 147,152 Spanish Town
5%
Mexico 1,257,547 Zapopan
5%
Haiti 430,250 Carrefour
4%
Costa Rica 367,900 Heredia
4%
Mexico 159,853 Manzanillo
4%
Cuba 145,034 Matanzas
4%
Mexico 1,072,626 Nezahualcóyotl
4%
Mexico 173,959 Piedras Negras
4%
Cuba 144,910 Pinar Del Rio
4%
Jamaica 182,153 Portmore
4%
Mexico 100,660 Rosarito
4%
Mexico 160,682 Salamanca
4%
Mexico 371,387 Tepic
4%
Canada 123,577 Terrebonne
4%
United States 165,368 Bayamon
3%
Mexico 169,028 Chetumal
3%
Guatemala 212,047 Coban
3%
Guatemala 117,818 Huehuetenango
3%
Honduras 209,000 La Ceiba
3%
Cuba 176,139 Las Tunas
3%
Mexico 298,009 Los Mochis
3%
Guatemala 463,019 Mixco
3%
Mexico 237,169 Monclova
3%
Mexico 911,168 Naucalpan De Juarez
3%
Mexico 297,848 Pachuca
3%
Mexico 111,314 Rio Bravo
3%
Cuba 109,110 Sancti Spiritus
3%
Guatemala 426,316 Villa Nueva
3%
Mexico 154,546 Zamora
3%
Costa Rica 196,900 Alajuela
2%
El Salvador 145,300 Apopa
2%
Mexico 216,776 Buenavista
2%
Mexico 378,143 Celaya
2%
Mexico 225,728 Chilpancingo
2%
Honduras 220,300 Choloma
2%
Mexico 102,260 Cholula
2%
Haiti 241,055 Cite Soleil
2%
Mexico 160,225 Ciudad Acuna
2%
Mexico 536,436 Ciudad Apodaca
2%
Mexico 205,933 Ciudad Madero
2%
Mexico 212,540 Coatzacoalcos
2%
Mexico 128,548 Delicias
2%
Haiti 359,451 Delmas
2%
Honduras 120,600 El Progreso
2%
Guatemala 156,313 Escuintla
2%
Mexico 143,281 Fresnillo
2%
Mexico 234,698 Garcia
2%
Mexico 454,967 General Escobedo
2%
Mexico 301,742 Gomez Palacio
2%
Haiti 228,725 Gonaives
2%
Mexico 117,253 Guaymas
2%
Mexico 452,090 Irapuato
2%
Dominican Republic 139,238 La Romana
2%
El Salvador 134,363 Mejicanos
2%
Mexico 149,162 Minatitlan
2%
Mexico 120,500 Orizaba
2%
Haiti 271,175 Petionville
2%
Mexico 180,057 Poza Rica
2%
Mexico 304,052 Santa Catarina
2%
El Salvador 113,700 Santa Tecla
2%
Dominican Republic 410,578 Santo Domingo Oeste
2%
Mexico 310,192 Soledad
2%
El Salvador 258,359 Soyapango
2%
Mexico 217,550 Tapachula
2%
Mexico 293,825 Tehuacan
2%
Mexico 650,123 Tlaquepaque
2%
Mexico 442,440 Tonala
2%
Mexico 106,163 Tulancingo
2%
Mexico 299,523 Uruapan
2%
Dominican Republic 102,632 Bani
1%
Costa Rica 232,300 Cartago
1%
Mexico 174,704 Chalco
1%
Mexico 193,532 Chicoloapan
1%
Mexico 703,215 Chimalhuacán
1%
Nicaragua 115,687 Chinandega
1%
Guatemala 104,972 Chinautla
1%
Cuba 121,788 Ciego De Avila
1%
Mexico 308,285 Ciudad Benito Juárez
1%
Mexico 111,975 Ciudad Guzmán
1%
Mexico 523,065 Ciudad López Mateos
1%
Mexico 323,545 Ciudad Nicolas Romero
1%
Mexico 136,351 Ciudad Valles
1%
Mexico 293,245 Coacalco
1%
Honduras 120,500 Comayagua
1%
Mexico 113,479 Comitan De Dominguez
1%
Mexico 135,586 Cuauhtemoc
1%
Mexico 117,995 Cuautitlan
1%
Mexico 515,353 Cuautitlan Izcalli
1%
Mexico 157,336 Cuautla
1%
Nicaragua 112,132 Esteli
1%
Dominican Republic 234,233 Higuey
1%
Mexico 132,854 Iguala
1%
Mexico 368,585 Ixtapaluca
1%
Mexico 174,629 Jiutepec
1%
Guatemala 145,880 Jutiapa
1%
Panama 205,959 La Chorrera
1%
Mexico 111,569 Lagos De Moreno
1%
Dominican Republic 221,572 La Vega
1%
Dominican Republic 255,176 Los Alcarrizos
1%
Nicaragua 140,721 Masaya
1%
Nicaragua 114,120 Matagalpa
1%
Mexico 120,926 Navojoa
1%
Mexico 386,290 Ojo De Agua
1%
Mexico 113,843 Parral
1%
Guatemala 129,124 Petapa
1%
Guatemala 100,593 Puerto Barrios
1%
Haiti 122,747 Saint-Marc
1%
Mexico 103,609 San Juan Bautista Tuxtepec
1%
Guatemala 155,965 San Juan Sacatepequez
1%
Mexico 412,199 San Nicolás De Los Garza
1%
Dominican Republic 961,844 Santo Domingo Este
1%
Dominican Republic 588,261 Santo Domingo Norte
1%
Mexico 104,461 Temixco
1%
Mexico 120,778 Tepexpan
1%
Mexico 658,907 Tlalnepantla
1%
Guatemala 103,952 Totonicapan
1%
Guatemala 124,680 Villa Canales
1%
Mexico 384,327 Xico
1%
Mexico 102,362 Apatzingan De La Constitucion
0%
Dominican Republic 100,527 Bajos De Haina
0%
Guatemala 111,505 Chiquimula
0%
Nicaragua 130,357 Ciudad Sandino
0%
Mexico 115,264 El Pueblito
0%
Mexico 139,174 Hacienda Santa Fe
0%
El Salvador 102,500 Ilopango
0%
Mexico 139,753 Kanasín
0%
Mexico 114,010 Ramos Arizpe
0%
Dominican Republic 105,487 Santiago Oeste
0%
Nicaragua 150,597 Tipitapa
0%
Mexico 147,496 Villa De Alvarez
0%
Panama 128,973 Vista Alegre
0%
No matching quizzes found
Score Distribution
Percent of People with Each Score
Percentile by Number Answered
Your Score History
You have not taken this quiz